00314nam a22001217a 4500003000400000005001700004008004100021020001500062040000800077100001500085245004800100260004400148OSt20190917132834.0190917b xxu||||| |||| 00| 0 eng d a0618052917 cn/a aRon Larson aPrecalculus With Limits A Graphing Approach aAmericabHoughton Mifflin Companyc2001